[Event "Acropolis Open"]
[Site "Athens GRE"]
[Date "2007.08.15"]
[Round "2"]
[White "Halkias,S"]
[Black "Georgiadis,I"]
[Result "1-0"]
[WhiteElo "2580"]
[BlackElo "2413"]

1.c4 c6 2.d4 d5 3.Nc3 Nf6 4.Nf3 dxc4 5.a4 Bf5 6.Ne5 e6 7.f3 c5 8.e4 Bg6 9.dxc5 Qxd1+
10.Kxd1 Bxc5 11.Bxc4 Nbd7 12.Nd3 Be7 13.Be3 Rc8 14.Ba2 Nc5 15.Nf4 Nh5 16.Nxh5 Bxh5
17.Ke2 O-O 18.h4 h6 19.g4 Bg6 20.h5 Bh7 21.Rac1 Rfd8 22.Rhd1 Kf8 23.a5 a6
24.Rxd8+ Rxd8 25.Nd1 Nd3 26.Rc7 f5 27.gxf5 exf5 28.Nc3 fxe4 29.fxe4 Nb4 30.Be6 Nc6
31.Nd5 Rd6 32.Bh3 Bd8 33.Rxb7 Nxa5 34.Rb8 Ke8 35.Bc5 Bxe4 36.Nc7+ Ke7 37.Rxd8 Bd3+
38.Kf3 Kxd8 39.Bxd6 Nc4 40.Bf4 g6 41.Ne6+ Ke7 42.Nc5 Bc2 43.hxg6 Bxg6 44.b4 a5
45.Bf1 Nb6 46.bxa5 Nd7 47.Nxd7 Kxd7 48.Bb5+ Kc8 49.a6 Bf7 50.Bc6  1-0

[Event "Independence Cup A"]
[Site "Kyiv UKR"]
[Date "2007.08.15"]
[Round "3"]
[White "Ataiev,A"]
[Black "Manilyk,A"]
[Result "0-1"]
[WhiteElo "2264"]
[BlackElo "2133"]

1.c4 c6 2.g3 d5 3.cxd5 cxd5 4.Bg2 Nf6 5.Nf3 e6 6.O-O Be7 7.Nc3 a6 8.d3 b5
9.a3 Bb7 10.Bg5 O-O 11.Ne5 h6 12.Bxf6 Bxf6 13.Ng4 Be7 14.d4 Nd7 15.f4 f5
16.Ne5 Nxe5 17.fxe5 Qb6 18.Rc1 Rac8 19.e3 a5 20.Qb3 b4 21.Na4 Qa7 22.axb4 Bxb4
23.Rxc8 Rxc8 24.Nc3 Ba6 25.Ra1 Qc7 26.Bxd5 exd5 27.Nxd5 Bc4 28.Nxc7 Bxb3
29.Na6 Bd2 30.Nc5 Bxe3+  0-1

[Event "X Open"]
[Site "Banyoles ESP"]
[Date "2007.08.16"]
[Round "1"]
[White "Marin,M"]
[Black "Fernandez Fernandez,Ju"]
[Result "1-0"]
[WhiteElo "2533"]
[BlackElo "2118"]

1.c4 c6 2.e4 d5 3.exd5 cxd5 4.d4 Nf6 5.Nc3 e6 6.Nf3 Bb4 7.Bd3 O-O 8.O-O dxc4
9.Bxc4 a6 10.Qd3 b5 11.Bb3 Nbd7 12.Rd1 Bb7 13.Bg5 Qb6 14.Rac1 Rac8 15.Ne5 Bxc3
16.Nxd7 Nxd7 17.bxc3 Rfe8 18.Qg3 Nf8 19.h4 Kh8 20.h5 h6 21.Bxh6 gxh6 22.Qe5+ Kg8
23.Rd3 Nd7 24.Rg3+ Kf8 25.Qf4 Ke7 26.Rg7 Rf8 27.Re1 Kd8 28.Rxf7 Rxf7 29.Qxf7 Bd5
30.Bxd5 exd5 31.Qe7+ Kc7 32.Re6 Qa5 33.Qd6+  1-0

[Event "Romanian Open"]
[Site "Predeal ROM"]
[Date "2007.08.17"]
[Round "8"]
[White "Matamoros Franco,C"]
[Black "Miljkovic,Mir1"]
[Result "1-0"]
[WhiteElo "2528"]
[BlackElo "2405"]

1.c4 c6 2.g3 d5 3.Bg2 Nf6 4.Nf3 dxc4 5.O-O Nbd7 6.Qc2 Nb6 7.a4 a5 8.Na3 Qd5
9.Ne1 Qd6 10.Nxc4 Nxc4 11.Qxc4 e5 12.Nf3 Be7 13.Qc3 e4 14.Ng5 Bf5 15.d3 Qb4
16.Nxe4 Bxe4 17.dxe4 Qxc3 18.bxc3 Nd7 19.Rd1 Nc5 20.Be3 O-O 21.Rdb1 Rab8
22.e5 Rfc8 23.Kf1 Rd8 24.f4 g6 25.Bf3 Bf8 26.Ra2 Rdc8 27.Kg2 Be7 28.g4 Bf8
29.Kg3 Be7 30.h4 Bf8 31.h5 Re8 32.hxg6 hxg6 33.g5 Rec8 34.Bd4 b6 35.e4 Rd8
36.f5 Nd7 37.Rh2 c5 38.Rbh1 Bg7 39.f6 cxd4 40.Rh7 Ra8  1-0

[Event "17th Chess Festival"]
[Site "Abu Dhabi UAE"]
[Date "2007.08.18"]
[Round "7"]
[White "Mahjoob,M"]
[Black "Anastasian,A"]
[Result "0-1"]
[WhiteElo "2479"]
[BlackElo "2555"]

1.c4 c6 2.e4 d5 3.exd5 cxd5 4.cxd5 Nf6 5.Qa4+ Nbd7 6.Nc3 g6 7.Bc4 a6 8.d3 Bg7
9.Nf3 O-O 10.O-O b5 11.Nxb5 Nb6 12.Qb3 axb5 13.Bxb5 Nbxd5 14.Bc4 Qd6 15.Bg5 Rb8
16.Qc2 h6 17.Bh4 Nh5 18.Rab1 g5 19.Bg3 Nxg3 20.hxg3 Nb4 21.Qe2 Nc6 22.b3 g4
23.Nd2 Nd4 24.Qd1 Qa3 25.Re1 Rb7 26.Ne4 Qxa2 27.b4 Qc2 28.Kf1 Qxd1 29.Rexd1 Nb5
30.Rbc1 Bf5  0-1

[Event "Acropolis Open"]
[Site "Athens GRE"]
[Date "2007.08.18"]
[Round "5"]
[White "Chatalbashev,B"]
[Black "Malakhatko,V"]
[Result "1/2-1/2"]
[WhiteElo "2573"]
[BlackElo "2596"]

1.c4 c6 2.Nf3 d5 3.e3 Nf6 4.Nc3 a6 5.d4 e6 6.b3 Bb4 7.Bd2 Nbd7 8.Bd3 O-O
9.O-O Bd6 10.Qc2 h6 11.e4 dxc4 12.bxc4 e5 13.c5 Bc7 14.Na4 exd4 15.h3 Re8
16.Rad1 Nf8 17.Rfe1 Ne6 18.Qc4 Nd7 19.e5 Rb8 20.Bc2 Ndf8 21.Bc1 Qe7 22.Nxd4 Nxd4
23.Rxd4 Be6 24.Qc3 Bd5 25.f4 Rbd8 26.Nb6 Bxa2 27.Rxd8 Rxd8 28.f5 Re8 29.Bb2 Bd5
30.Nxd5 cxd5 31.Bb3 Qd7 32.e6 fxe6 33.fxe6 Nxe6 34.Rxe6 Rxe6 35.Bxd5 Kf7
36.Qxg7+ Ke8 37.Bxe6 Qd1+ 38.Kf2 Qd2+ 39.Kf3 Qf4+ 40.Ke2 Qe4+ 41.Kf2  1/2-1/2

[Event "TCh-ESP CECLUB Norte Div 1"]
[Site "Sabadell ESP"]
[Date "2007.08.19"]
[Round "6"]
[White "Comas Fabrego,L"]
[Black "Mellado Trivino,J"]
[Result "1/2-1/2"]
[WhiteElo "2486"]
[BlackElo "2389"]

1.c4 c6 2.d4 d5 3.Nf3 Nf6 4.Nc3 dxc4 5.a4 c5 6.d5 Bf5 7.e3 e6 8.Bxc4 exd5
9.Nxd5 Nc6 10.O-O Bd6 11.b3  1/2-1/2

[Event "1st Serbian League Women"]
[Site "Zlatibor SRB"]
[Date "2007.08.22"]
[Round "2"]
[White "Chelushkina,I"]
[Black "Sudakova,I"]
[Result "1-0"]
[WhiteElo "2340"]
[BlackElo "2358"]

1.c4 c6 2.e4 d5 3.exd5 cxd5 4.d4 Nf6 5.Nc3 e6 6.Nf3 Be7 7.c5 Nc6 8.Bb5 Bd7
9.O-O O-O 10.Re1 Na5 11.Bd3 b6 12.b4 Nc4 13.Rb1 a5 14.a3 axb4 15.axb4 b5
16.Ne5 Ra6 17.f4 Ne8 18.Qe2 Bf6 19.Be3 g6 20.Rbc1 Nc7 21.Bf2 Bg7 22.h4 f5
23.h5 Bxe5 24.dxe5 Qe8 25.h6 Qe7 26.Bxc4 dxc4 27.Red1 Bc6 28.Rd6 Rfa8 29.Qd2 Nd5
30.Rxc6 Rxc6 31.Nxb5 Qf8 32.Nd4 c3 33.Qd1 Qc8 34.Nxc6 Qxc6 35.Qf3 Ra3 36.Qg3 Rb3
37.Qg5 Qc8 38.g4 fxg4 39.Qxg4 Rxb4 40.Qg5 Rxf4 41.Rc2 Qf8 42.c6 Qc8 43.Ra2 Rf5
44.Qh4 Qxc6 45.Ra7 Qc8 46.Rg7+ Kh8 47.Be3 c2 48.Bc1 Rh5 49.Qd4 Rxh6 50.Rf7 Rh5
51.Qa7 Qg8 52.Rb7 Rf5 53.Qc5 Qf8 54.Qc4 Rf7 55.Rxf7 Qxf7 56.Bh6 Qc7 57.Qf1 Qc5+
58.Kg2 Kg8 59.Qa6 Ne3+ 60.Kh3 Qc4 61.Qa8+  1-0

[Event "15th Open"]
[Site "Nikea GRE"]
[Date "2007.08.23"]
[Round "1"]
[White "Mavroudis,D"]
[Black "Kounalakis,E"]
[Result "0-1"]
[WhiteElo "1836"]
[BlackElo "2132"]

1.c4 c6 2.Nc3 d5 3.cxd5 cxd5 4.d4 Nc6 5.e3 Nf6 6.h3 e6 7.Nf3 a6 8.a3 Bd6
9.b4 O-O 10.Bb2 Bd7 11.Be2 b5 12.O-O Rc8 13.Rc1 Bb8 14.Bd3 Qe7 15.Re1 Rfd8
16.Ne2 a5 17.Bxb5 axb4 18.Qa4 bxa3 19.Bxa3 Qe8 20.Rc2 Nxd4 21.Bxd7 Nxf3+
22.gxf3 Qxd7 23.Qxd7 Nxd7 24.Rec1 Rxc2 25.Rxc2 Ne5 26.Kg2 Nc4 27.Bc1 Nd6
28.Nd4 Rc8 29.Nc6 Rc7 30.Ba3 Nc4 31.Nxb8 Nxe3+ 32.fxe3 Rxc2+ 33.Kg3 Rc3 34.Bd6 Rxe3
35.Nc6 f6 36.Kf2 Rc3 37.Nd4 Kf7 38.Ne2 Rc6 39.Ba3 e5 40.f4 Ke6 41.Bf8 Rc7
42.fxe5 fxe5 43.Ke3 Rb7 44.Kd3 Rf7 45.Bb4 Rf3+ 46.Kd2 Rxh3 47.Bf8 g6 48.Bc5 h5
49.Be3 Kf5 50.Bh6 g5 51.Nc3 d4 52.Ne2 Rf3 53.Ng1 Rb3 54.Ne2 Rb8 55.Bg7 Rg8
56.Ng3+ Kg4 57.Bxe5 Re8 58.Bc7 Re7 59.Bb8 Rb7 60.Bd6 Rb2+ 61.Ke1 h4 62.Ne4 h3
63.Nf2+ Kh4 64.Be5 Rc2 65.Nh1 Rc1+ 66.Kf2 Rxh1 67.Bxd4 Rb1 68.Be5 Kg4 69.Bd6 Rb2+
70.Kg1 Kf3 71.Kh1 g4 72.Bc5 g3 73.Bg1 Rc2 74.Ba7 Rc1+ 75.Bg1 g2+ 76.Kh2 Rxg1
77.Kxg1 h2+  0-1

[Event "1st Serbian League Men"]
[Site "Zlatibor SRB"]
[Date "2007.08.23"]
[Round "3"]
[White "Damljanovic,B"]
[Black "Postny,E"]
[Result "0-1"]
[WhiteElo "2606"]
[BlackElo "2598"]

1.c4 c6 2.e4 d5 3.exd5 cxd5 4.cxd5 Nf6 5.Nc3 Nxd5 6.Nf3 e6 7.d4 Be7 8.Bd3 O-O
9.O-O Nc6 10.Re1 Nf6 11.a3 b6 12.Ne5 Bb7 13.Ba6 Bxa6 14.Nxc6 Qc7 15.Nxe7+ Qxe7
16.d5 Rfd8 17.Qa4 Bc8 18.Bg5 h6 19.d6 Qd7 20.Bxf6 Qxa4 21.Bxd8 Qg4 22.Re3 Bb7
23.Rg3 Qxg3 24.hxg3 Rxd8 25.Rd1 Bc6 26.b4 f6 27.a4 Kf7 28.Rd4 e5 29.Rc4 Rxd6
30.b5 Be8 31.Rc8 Ke7 32.Ra8 Rd7 33.Na2 Bg6 34.f3 Bc2 35.Nb4 Bxa4 36.Nc6+ Kd6
37.Nxa7 Kc7 38.Nc6 Bxb5 39.Nb4 Kb7 40.Ra1 Rd2 41.Rb1 Be2 42.Rb3 Bc4  0-1

[Event "1st Serbian League Men"]
[Site "Zlatibor SRB"]
[Date "2007.08.23"]
[Round "3"]
[White "Barlov,D"]
[Black "Lazic,Mir"]
[Result "0-1"]
[WhiteElo "2469"]
[BlackElo "2465"]

1.c4 c6 2.e4 e5 3.Nf3 d6 4.d4 Bg4 5.Be2 Nd7 6.Ng1 Bxe2 7.Nxe2 Ngf6 8.Nbc3 Be7
9.O-O O-O 10.h3 b5 11.Ng3 bxc4 12.Nf5 Re8 13.Bg5 Bf8 14.dxe5 Nxe5 15.Qa4 d5
16.f4 Qb6+ 17.Kh1 Ned7 18.exd5 Qxb2 19.Rac1 cxd5 20.Nxd5 Nxd5 21.Qxd7 Nb6
22.Qb7 Qxa2 23.Ra1 Qc2 24.Ne7+ Bxe7 25.Bxe7 Qf5 26.Bd6 c3 27.Be5 c2 28.Rxa7 Rxa7
29.Qxa7 Qd3  0-1

[Event "NH Chess Tournament"]
[Site "Amsterdam NED"]
[Date "2007.08.24"]
[Round "3"]
[White "Ljubojevic,L"]
[Black "Smeets,J"]
[Result "0-1"]
[WhiteElo "2550"]
[BlackElo "2538"]

1.c4 c6 2.Nf3 d5 3.e3 Nf6 4.b3 Bf5 5.Bb2 Nbd7 6.Be2 h6 7.O-O e6 8.d4 Bd6
9.Ne5 Qc7 10.f4 Ne4 11.a3 O-O 12.Nxd7 Qxd7 13.Nc3 Qe7 14.Bd3 Nxc3 15.Bxc3 a6
16.c5 Bc7 17.Qc2 Qf6 18.Rae1 Rad8 19.e4 dxe4 20.Bxe4 Rd5 21.b4 g6 22.g3 Qg7
23.Qd2 Bxe4 24.Rxe4 Rfd8 25.Rf3 R8d7 26.Kg2 Bd8 27.Re5 Bf6 28.Rxd5 Rxd5 29.Rd3 Qf8
30.Qe2 Qd8 31.Qe4 Qd7 32.Rd2 Kf8 33.Qe3 Bg7 34.Kf1 g5 35.Qe4 gxf4 36.gxf4 Rf5
37.Ke2 Qd8 38.Ke3 Qh4 39.Rf2 h5 40.Ke2 Qg4+ 41.Kd3 Bh6 42.Bd2 Qg1 43.Qf3 Qa1
44.Kc4 Bg7 45.Qc3 Qa2+ 46.Kd3 Qb1+ 47.Kc4 Qe4 48.Qe3 Qd5+ 49.Kc3 a5 50.Re2 a4
51.Kd3 Qb3+ 52.Ke4 Rd5 53.Qxb3 Rxd4+ 54.Ke3 axb3 55.Bc3 Rc4 56.Bxg7+ Kxg7
57.Rb2 Rc3+ 58.Kd4 Rc2 59.Rxb3 Rxh2 60.Ke5 Rd2 61.Rg3+ Kf8 62.Ke4 Ke7 63.f5 Re2+
64.Kf3 Ra2 65.Ke4 Re2+ 66.Kf3 Rc2 67.Rg8 Rc3+ 68.Ke4 Rxa3 69.Rb8 Ra7 70.Ke5 exf5
71.Kxf5 Kd7 72.Rf8 Ra4 73.Rxf7+ Kc8 74.Rh7 Rxb4 75.Rxh5 Kb8 76.Ke5 Rg4 77.Rh8+ Ka7
78.Kd6 Ka6 79.Rh1 Kb5 80.Rb1+ Rb4 81.Rd1 Rb3 82.Rc1 Rh3 83.Rb1+ Kc4 84.Rxb7 Rh6+
85.Ke5 Kxc5 86.Ke4 Kc4 87.Ke3 Kc3 88.Rc7 Re6+ 89.Kf4 Kc4 90.Kf5 Rh6 91.Ke4 c5
92.Ke3 Rd6 93.Ke2 Kb4 94.Rb7+ Kc3 95.Rb1 Kc2 96.Ra1 Re6+ 97.Kf3 c4  0-1

[Event "20th Open"]
[Site "Panevezys LTU"]
[Date "2007.08.24"]
[Round "9"]
[White "Aleksandravicius,D"]
[Black "Dambrauskaite,V"]
[Result "0-1"]
[WhiteElo "1790"]
[BlackElo "2000"]

1.c4 c6 2.Nc3 d5 3.cxd5 cxd5 4.Qa4+ Nc6 5.d4 Nf6 6.Nf3 Bd7 7.Qd1 Bf5 8.a3 e6
9.Bg5 Be7 10.e3 h6 11.Bf4 O-O 12.Bd3 Bxd3 13.Qxd3 Qb6 14.b4 Rfc8 15.O-O Nh5
16.Ne2 Nxf4 17.Nxf4 Bd6 18.Nh5 Rc7 19.e4 dxe4 20.Qxe4 Rd8 21.Qg4 Bf8 22.Rad1 Kh8
23.Qf4 Rcd7 24.h4 a5 25.bxa5 Qxa5 26.g4 e5 27.Qg3 Nxd4 28.Nxd4 Rxd4 29.Rde1 Qa4
30.f3 e4 31.Rxe4 Rxe4 32.fxe4 Qxe4 33.Rxf7 Bc5+ 34.Kh2 Rd2+  0-1

[Event "Dato Arthur Tan Malaysian Op"]
[Site "Kuala Lumpur MAS"]
[Date "2007.08.25"]
[Round "10"]
[White "Bitoon,R"]
[Black "Ton That Nhu Tung"]
[Result "1-0"]
[WhiteElo "2399"]
[BlackElo "2247"]

1.c4 c6 2.e4 e5 3.Nf3 d6 4.Nc3 Nf6 5.g3 Be7 6.Bg2 O-O 7.d4 Qc7 8.O-O a6 9.h3 b5
10.cxb5 axb5 11.Qc2 Na6 12.dxe5 dxe5 13.Be3 Be6 14.Rfc1 Qb8 15.a3 h6 16.Ne2 Rc8
17.Nh4 c5 18.Nf5 Bf8 19.Nc3 c4 20.Nd5 Bxd5 21.exd5 Nc5 22.Bxc5 Rxc5 23.d6 Ra6
24.a4 b4 25.Qe2 Qc8 26.Ne7+ Bxe7 27.dxe7 Ra7 28.Qd2 Rxe7 29.Qxb4 e4 30.Rxc4 Rxc4
31.Qxe7 Rc1+ 32.Rxc1 Qxc1+ 33.Bf1 Qxb2 34.a5 Qa2 35.a6 Nd5 36.Qe8+ Kh7 37.Qxf7  1-0

[Event "61st Open ch-Moscow Blitz"]
[Site "Moscow RUS"]
[Date "2007.08.26"]
[Round "?"]
[White "Grischuk,A"]
[Black "Papin,V"]
[Result "1-0"]
[WhiteElo "2726"]
[BlackElo "2415"]

1.c4 c6 2.Nf3 d5 3.d4 Nf6 4.Nc3 e6 5.Qd3 dxc4 6.Qxc4 b5 7.Qd3 Nbd7 8.e4 a6
9.e5 Nd5 10.Nxd5 cxd5 11.Be2 Be7 12.O-O O-O 13.Bf4 a5 14.Bd1 Ba6 15.Bc2 g6
16.Rfc1 b4 17.Qe3 Re8 18.Bg5 f6 19.exf6 Bxf6 20.h4 Qe7 21.Ba4 Bxg5 22.hxg5 Red8
23.Bxd7 Rxd7 24.Ne5 Rd6 25.Rc5 a4 26.Rac1 Qf8 27.Rc7 Re8 28.Ng4 Re7 29.Qe5  1-0

[Event "VIII Open"]
[Site "Tarragona ESP"]
[Date "2007.08.26"]
[Round "9"]
[White "Kosten,A"]
[Black "Peralta,Fe"]
[Result "1/2-1/2"]
[WhiteElo "2508"]
[BlackElo "2546"]

1.c4 c6 2.e4 d5 3.exd5 Nf6 4.d4 cxd5 5.Nc3 e6 6.Nf3 Bb4 7.cxd5 Nxd5 8.Bd2 Nc6
9.Bd3 O-O 10.O-O Be7 11.Nxd5 exd5 12.h3 Bf6 13.Bc3 Be6 14.Qd2 Qd7 15.Qf4 Bd8
16.Rfe1 Bc7 17.Ne5 Qd6 18.Qh4 g6 19.Qh6 Rae8 20.Re3 Qd8 21.Nxc6 bxc6 22.Bb4 Bd6
23.Bxd6 Qxd6 24.a3 Bd7 25.Rae1 Rxe3 26.Rxe3 Re8 27.Rxe8+ Bxe8 28.Qe3 Bd7
29.b4 Kg7 30.f4 f6 31.Kf2 Bf5 32.Bxf5 gxf5 33.g3 Qd7 34.Ke2 Qb7 35.Kd2 Qb5
36.Qd3 Kg6 37.Ke3 h5 38.h4 Qb7 39.Kd2 Qe7  1/2-1/2

[Event "1st Serbian League Men"]
[Site "Zlatibor SRB"]
[Date "2007.08.26"]
[Round "6"]
[White "Paunovic,D"]
[Black "Bogosavljevic,B"]
[Result "1/2-1/2"]
[WhiteElo "2531"]
[BlackElo "2491"]

1.c4 c6 2.e4 d5 3.exd5 cxd5 4.cxd5 Nf6 5.Nc3 Nxd5 6.Nf3 Nxc3 7.bxc3 g6 8.Be2 Bg7
9.O-O O-O 10.d4 Nc6 11.Bg5 h6 12.Be3 Be6 13.Qd2 Kh7 14.Rfd1 Na5 15.d5 Bg4
16.Rac1 Bxf3 17.Bxf3 Nc4 18.Qe2 Nxe3 19.Qxe3 Qd6 20.c4 b6 21.c5 bxc5 22.Rxc5 a5
23.h4 h5 24.Rc6 Qe5 25.Re1 Qxe3 26.Rxe3 Ra7 27.Rb3 Be5 28.a4 Rb8 29.Rxb8 Bxb8
30.Be2 Bd6 31.g3 Kg7 32.Kg2 Kf6 33.f4 Kg7 34.Bb5 Bb4  1/2-1/2

[Event "27th Open"]
[Site "Bratto ITA"]
[Date "2007.08.28"]
[Round "6"]
[White "Epishin,V"]
[Black "Jaracz,P"]
[Result "1-0"]
[WhiteElo "2587"]
[BlackElo "2495"]

1.c4 c6 2.Nf3 Nf6 3.Nc3 d5 4.e3 e6 5.b3 b6 6.Bb2 Bb7 7.g3 Nbd7 8.Bg2 Be7
9.O-O O-O 10.d4 Qc7 11.Rc1 Rad8 12.cxd5 exd5 13.Nh4 Qb8 14.Nf5 Rfe8 15.Nxe7+ Rxe7
16.Ne2 Ree8 17.Nf4 Nf8 18.Nd3 Ne4 19.Re1 f6 20.a4 Qd6 21.Re2 Qd7 22.b4 Ne6
23.Ba3 Nd6 24.Nb2 a6 25.b5 cxb5 26.Bxd6 Qxd6 27.axb5 a5 28.Nc4 Qd7 29.Nxb6 Qxb5
30.Na4 Bc6 31.Rec2 Ba8 32.Nc5 Rc8 33.Bf1 Qb8 34.Nxe6 Rxc2 35.Qg4  1-0

[Event "15th Open"]
[Site "Nikea GRE"]
[Date "2007.08.30"]
[Round "9"]
[White "Korlotsidis,S"]
[Black "Kounalakis,E"]
[Result "1/2-1/2"]
[WhiteElo "1978"]
[BlackElo "2132"]

1.c4 c6 2.g3 d5 3.Bg2 Nf6 4.Nf3 Bf5 5.O-O e6 6.d4 Be7 7.Nc3 O-O 8.a3 a5 9.Bf4 Ne4
10.Nd2 Nxc3 11.bxc3 Nd7 12.Qb3 g5 13.Be3 Qc7 14.f4 a4 15.Qa2 g4 16.Bf2 Nf6
17.Rfe1 Ra6 18.c5 b6 19.e4 dxe4 20.Nxe4 Bxe4 21.Bxe4 bxc5 22.dxc5 Ra5 23.Qc4 Qa7
24.Bxc6 Rc8 25.Rxe6 Bxc5 26.Rxf6 Bxf2+ 27.Kg2 Kg7 28.Rd6 Qc5 29.Qxc5 Bxc5
30.Bd7 Rb8 31.Rd2 h5 32.h3 gxh3+ 33.Kxh3 Rb3 34.Rd5 Rxc3 35.Re1 Bb6 36.Rxa5 Bxa5
37.Re5 Bc7 38.Rg5+ Kf8 39.Rf5 Rxa3 40.Be6 Bd8 41.Rxf7+ Ke8 42.Rh7 h4 43.Bd7+ Kf8
44.Rh8+ Ke7 45.Bb5 Rxg3+ 46.Kxh4 Rb3 47.Bxa4 Rb4  1/2-1/2

[Event "IX Sants Open"]
[Site "Barcelona ESP"]
[Date "2007.09.02"]
[Round "10"]
[White "Marin,M"]
[Black "Salgado Lopez,I"]
[Result "1/2-1/2"]
[WhiteElo "2533"]
[BlackElo "2456"]

1.c4 c6 2.e4 d5 3.exd5 cxd5 4.d4 Nf6 5.Nc3 e6 6.Nf3 Bb4 7.Bd3 dxc4 8.Bxc4 O-O
9.O-O Nbd7 10.Qe2 Re8 11.Rd1 Bxc3 12.bxc3 b6 13.Bd2 Bb7 14.Rac1 Qc7 15.Bd3 e5
16.Nxe5 Nxe5 17.dxe5 Rxe5 18.Bf4 Rxe2  1/2-1/2

[Event "XV Open"]
[Site "Albacete ESP"]
[Date "2007.09.03"]
[Round "3"]
[White "Guerra Bastida,D"]
[Black "Cruz Lledo,P"]
[Result "1-0"]
[WhiteElo "2370"]
[BlackElo "1967"]

1.c4 c6 2.Nf3 d5 3.g3 Nf6 4.Bg2 Bf5 5.O-O e6 6.d3 Bd6 7.Nc3 O-O 8.Bg5 h6
9.Bxf6 Qxf6 10.e4 Bg4 11.exd5 exd5 12.cxd5 cxd5 13.Nxd5 Qxb2 14.Ne3 Be6 15.d4 Be7
16.Rb1 Qxa2 17.Rxb7 Bf6 18.Qb1 Nc6 19.Qe4 Na5 20.Rbb1 Nb3 21.d5 Nc5 22.Qb4 Na6
23.Qd2 Qxd2 24.Nxd2 Bd7 25.Ne4 Bd4 26.Rfd1 Bb6 27.Nc4 Rab8 28.Nxb6 axb6 29.Ra1 Nc5
30.Nxc5 bxc5 31.Rdc1 Rbc8 32.Bf1 Bf5 33.Ra5 Rfd8 34.Raxc5 Rxc5 35.Rxc5 Be4
36.Bg2 Bf5 37.h4 h5 38.Bf3 g6 39.Kf1 Kg7 40.Ke2 Kf6 41.Ke3 Ke5 42.Bg2 Rc8
43.Rc6 Rxc6 44.dxc6 Kd6 45.Kd4 Be6 46.Be4 Ba2 47.Kc3 Kc7 48.f4 Be6 49.f5 gxf5
50.Bf3 f6 51.Bxh5 Kxc6 52.Bg6 Kd5 53.Kd3 Ke5 54.Ke3 Bg8 55.h5 f4+ 56.gxf4+ Ke6
57.h6 f5 58.h7 Bxh7 59.Bxh7 Kf6 60.Kd4 Ke6 61.Kc5 Kf6 62.Kd6 Kg7 63.Bxf5  1-0

[Event "ch-Africa Men"]
[Site "Windhoek NAM"]
[Date "2007.09.03"]
[Round "3"]
[White "Eichab,C"]
[Black "Mamombe,K"]
[Result "0-1"]
[WhiteElo "2062"]
[BlackElo "2089"]

1.c4 c6 2.Nf3 d5 3.e3 Nf6 4.b3 Bg4 5.Bb2 e6 6.Be2 Nbd7 7.O-O Bd6 8.d3 O-O
9.Nbd2 Rc8 10.Rc1 Qe7 11.Qc2 e5 12.cxd5 cxd5 13.Qxc8 Rxc8 14.Rxc8+ Nf8 15.Rc2 e4
16.Bxf6 Qxf6 17.dxe4 dxe4 18.Nxe4 Qg6 19.Rd2 Bxh2+ 20.Nxh2 Bxe2 21.Rxe2 Qxe4
22.Rc1 g6 23.Nf3 Ne6 24.Rd2 h5 25.Rdc2 b5 26.Rc8+ Kg7 27.Re8 Qd5 28.Nd4 Nxd4
29.exd4 Qxd4 30.Re7 Kf6 31.Rcc7 Qd1+ 32.Kh2 Qd6+ 33.Kh3 Qxe7 34.Rxe7 Kxe7
35.Kh4 f6 36.b4 Ke6 37.g3 Kf5 38.f3 a6 39.f4 Ke4 40.a3 Kf3 41.Kh3 g5 42.f5 Ke4  0-1

[Event "60th ch-RUS Higher League"]
[Site "Krasnoyarsk RUS"]
[Date "2007.09.04"]
[Round "2"]
[White "Yakovich,Yur"]
[Black "Alavkin,A"]
[Result "1/2-1/2"]
[WhiteElo "2597"]
[BlackElo "2500"]

1.c4 c6 2.e4 d5 3.exd5 Nf6 4.d4 cxd5 5.Nc3 g6 6.Qb3 Bg7 7.cxd5 O-O 8.Nge2 Na6
9.g3 b5 10.Bg2 b4 11.Na4 Bb7 12.Nf4 g5 13.Ne2 g4 14.Nf4 Qd6 15.Be3 Nc7 16.Nc5 Bxd5
17.Nxd5 Ncxd5 18.O-O Nxe3 19.fxe3 Rab8 20.Rac1 e6 21.Rc2 h5 22.Nd3 Rb5 23.Rc6 Qe7
24.Qc4 Rf5 25.Qxb4 Rxf1+ 26.Kxf1 Qd8 27.Qc5 h4 28.gxh4 Nd5 29.Bxd5 exd5 30.Nf4 Qxh4
31.Kg2 Bh6 32.Rc8 Qe1 33.Rxf8+ Bxf8 34.Qxd5 Qxe3 35.Qg5+ Bg7 36.Qxg4 Qxd4
37.b3 Qd2+ 38.Kh3 Qxa2 39.Qc8+ Bf8 40.Qg4+ Bg7 41.Qc8+  1/2-1/2

[Event "60th ch-RUS Higher League"]
[Site "Krasnoyarsk RUS"]
[Date "2007.09.06"]
[Round "4"]
[White "Yakovich,Yur"]
[Black "Rychagov,A"]
[Result "1/2-1/2"]
[WhiteElo "2597"]
[BlackElo "2557"]

1.c4 c6 2.e4 d5 3.exd5 cxd5 4.d4 Nf6 5.Nc3 e6 6.Nf3 Bb4 7.Bd3 dxc4 8.Bxc4 O-O
9.O-O Nbd7 10.Bg5 Be7 11.Re1 Nb6 12.Bb3 Bd7 13.Qd3 Bc6 14.Rad1 Nfd5 15.Bc1 Rc8
16.Ne5 Bg5 17.Bxg5 Qxg5 18.Ne4 Qh6 19.Qg3 Rc7 20.Nc5 Qf4 21.Qh3 Qf6 22.Re4 Nf4
23.Qf3 Bxe4 24.Nxe4 Qf5 25.Nd6 Qg5 26.Ne4 Qf5 27.Nd6 Qg5 28.Ne4 Qf5 29.Qh3  1/2-1/2

[Event "4th LGA Premium Cup"]
[Site "Nuernberg GER"]
[Date "2007.09.07"]
[Round "2"]
[White "Kahlert,T"]
[Black "Buhmann,R"]
[Result "0-1"]
[WhiteElo "2257"]
[BlackElo "2583"]

1.c4 c6 2.e4 d5 3.cxd5 cxd5 4.exd5 Nf6 5.Nc3 Nxd5 6.Nf3 Nc6 7.d4 Bg4 8.Qb3 Bxf3
9.gxf3 Nb6 10.Be3 e6 11.O-O-O Be7 12.d5 exd5 13.Nxd5 Nxd5 14.Rxd5 Qc7 15.Kb1 O-O
16.Bd3 Rad8 17.Rc1 Bf6 18.Be4 Rxd5 19.Bxd5 Qe5 20.f4 Qf5+ 21.Ka1 g6 22.Qc4 Bg7
23.Qe4 Qf6 24.Rc2 Rd8 25.Kb1 h5 26.Bxc6 bxc6 27.Qxc6 Rd1+ 28.Bc1 Qxf4 29.Qe8+ Kh7
30.Qe3 Qxe3 31.fxe3 Be5 32.b4 g5 33.Rg2 g4 34.Kc2 Rh1 35.Bd2 Rxh2 36.Rg1 Kg6
37.Kd3 f5 38.a4 h4 39.b5 h3 40.Rh1  0-1

[Event "60th ch-RUS Higher League"]
[Site "Krasnoyarsk RUS"]
[Date "2007.09.08"]
[Round "5"]
[White "Tomashevsky,E"]
[Black "Panarin,M"]
[Result "1-0"]
[WhiteElo "2654"]
[BlackElo "2529"]

1.c4 c6 2.Nf3 d5 3.e3 Nf6 4.Nc3 g6 5.d4 Bg7 6.Be2 O-O 7.O-O a6 8.Bd2 dxc4
9.Bxc4 Bg4 10.h3 Bxf3 11.Qxf3 Nbd7 12.Rfd1 e5 13.Bb3 Qe7 14.Rac1 Nb6 15.dxe5 Qxe5
16.e4 Nbd7 17.Bf4 Qa5 18.Bd6 Rfe8 19.Qe3 Bf8 20.Qf4 Bxd6 21.Rxd6 Qe5 22.Qxe5 Rxe5
23.Rcd1 Re7 24.f4  1-0

[Event "3rd Geller mem Open A"]
[Site "Odessa UKR"]
[Date "2007.09.08"]
[Round "1"]
[White "Kovalev,De"]
[Black "Romaniv,D"]
[Result "1-0"]
[WhiteElo "2433"]
[BlackElo "2123"]

1.c4 c6 2.Nc3 d5 3.cxd5 cxd5 4.d4 Nc6 5.Nf3 Nf6 6.Bf4 Bf5 7.Qb3 Qb6 8.Qxb6 axb6
9.e3 e6 10.Nh4 Bg6 11.Nxg6 hxg6 12.Bd3 Kd7 13.h3 Bd6 14.Bxd6 Kxd6 15.Kd2 Rhc8
16.Rac1 Nd7 17.f3 e5 18.dxe5+ Ndxe5 19.Rhd1 Rd8 20.Nb5+ Ke7 21.a3 Ra5 22.Nc3 d4
23.exd4 Nxd4 24.Ke3 Nec6 25.Be4 Re5 26.f4 Re6 27.Kf2 f5 28.Bb1 Red6 29.Ba2 R8d7
30.Rd3 Nd8 31.Rcd1 N8e6 32.g3 Nc5 33.R3d2 Kd8 34.b4 Ne4+ 35.Nxe4 fxe4 36.Bb1 Nf5
37.Rxd6 Rxd6 38.Rxd6+ Nxd6 39.Ke3 Nf5+ 40.Kxe4 Nxg3+ 41.Ke5 Ke7 42.Bxg6 Ne2
43.Be4 Nc3 44.Bxb7 Nb5 45.a4 Nd6 46.Bd5 Kd7 47.a5 bxa5 48.bxa5 Ke7 49.a6 Nb5
50.Kf5 Na7 51.Kg6 Kf8 52.Be6 Nc6 53.Bd7 Na7 54.f5 Kg8 55.f6  1-0

[Event "UK-CHN Match"]
[Site "Liverpool ENG"]
[Date "2007.09.09"]
[Round "6"]
[White "Short,N"]
[Black "Ni Hua"]
[Result "1/2-1/2"]
[WhiteElo "2683"]
[BlackElo "2681"]

1.c4 c6 2.e4 d5 3.exd5 cxd5 4.d4 Nf6 5.Nf3 Nc6 6.Nc3 Bg4 7.cxd5 Nxd5 8.Qb3 Bxf3
9.gxf3 e6 10.Qxb7 Nxd4 11.Bb5+ Nxb5 12.Qc6+ Ke7 13.Qxb5 Qd7 14.Nxd5+ exd5
15.Qe2+ Kf6 16.Rg1 g6 17.Bg5+ Kg7 18.Qe5+ Kg8 19.O-O-O Bg7 20.Qxd5 Qc7+ 21.Kb1 Rb8
22.b3 h5 23.Rc1 Qxh2 24.Be3 Qe5 25.Qxe5 Bxe5 26.f4 Bf6 27.Bxa7 Ra8 28.Be3 h4
29.f5 h3 30.Rg3 Rh5 31.fxg6 h2 32.gxf7+ Kxf7 33.Rh1 Rxa2 34.Kxa2 Ra5+ 35.Kb1 Ra1+
36.Kc2 Rxh1 37.Rh3 Be5 38.f4 Bd6 39.Bd2 Kg6 40.Kd3 Kf5 41.Ke2 Kg4 42.Rh7 Bxf4
43.Bxf4 Kxf4 44.Kf2 Ke5  1/2-1/2

[Event "3rd Geller mem Open A"]
[Site "Odessa UKR"]
[Date "2007.09.09"]
[Round "2"]
[White "Brodsky,M"]
[Black "Kovalev,De"]
[Result "1-0"]
[WhiteElo "2595"]
[BlackElo "2433"]

1.c4 c6 2.e4 d5 3.cxd5 cxd5 4.exd5 Nf6 5.Qa4+ Nbd7 6.Nc3 g6 7.Nf3 Bg7 8.Bc4 a6
9.d3 O-O 10.Qa3 b6 11.O-O Bb7 12.Re1 Re8 13.Ng5 b5 14.Bb3 Qb6 15.Be3 Qd6
16.Qxd6 exd6 17.Nce4 Nxe4 18.Nxe4 Bxb2 19.Nxd6 Bxa1 20.Rxa1 Reb8 21.Rc1 Nf6
22.Bg5 Ne8 23.Nxf7 Kxf7 24.d6+ Kg7 25.Re1 Nxd6 26.Re7+ Kf8 27.Rxh7 Nc4 28.dxc4 bxc4
29.Bc2 Bd5 30.h4 Rb7 31.Rh8+ Bg8 32.Be4 Rab8 33.Bh6+ Rg7 34.Bd5 Ke7 35.Bxc4 Rb1+
36.Kh2 Bxc4 37.Bxg7 Bxa2 38.h5 gxh5 39.Rxh5 Rb5 40.Rh4 Kf7 41.Bc3 a5 42.Rh7+ Kg6
43.Rg7+ Kf5 44.Ra7 Bd5 45.f3 Kf4 46.Bxa5 Rb2 47.Bc7+ Kf5 48.Ra5 Ke6 49.Kg3 Ra2
50.Rc5 Ra4 51.Rc1 Ra2 52.Re1+ Kf7 53.Bd6 Rd2 54.Bc5 Rc2 55.Be3 Rc3 56.Kf4 Rc2
57.g4 Rc4+ 58.Kg3 Rc3 59.f4 Be4 60.f5 Bd5 61.Kf4 Rc4+ 62.Kg5 Bf3 63.Bf4 Rc8
64.Kh4 Rc4 65.Kg3 Be4 66.Be5 Bd3 67.Re3 Be4 68.Ra3 Kg8 69.Ra7 Bd3 70.f6 Rc6
71.f7+ Kf8 72.Bb2  1-0

[Event "3rd Geller mem Open A"]
[Site "Odessa UKR"]
[Date "2007.09.10"]
[Round "3"]
[White "Goroshkova,L"]
[Black "Golovlev,N"]
[Result "0-1"]
[WhiteElo "1984"]
[BlackElo "2321"]

1.c4 c6 2.d4 d5 3.Nf3 Nf6 4.e3 e6 5.Bd3 dxc4 6.Bxc4 b5 7.Bd3 a6 8.O-O c5
9.Nc3 Bb7 10.Be2 Qb6 11.b3 Nc6 12.dxc5 Bxc5 13.a4 b4 14.a5 Qc7 15.Na4 Bd6
16.Bb2 Nxa5 17.Rc1 Qe7 18.Bd4 O-O 19.Bb6 Nc6 20.Nc5 Nd5 21.Nxb7 Qxb7 22.Bd4 Rfd8
23.Rxc6 Qxc6 24.Qa1 Nc3 25.Bc4 a5 26.Ne5 Bxe5 27.Bxe5 a4 28.Bxc3 axb3 29.Qb2 bxc3  0-1